00237nam a2200085Ia 4500008004100000082001500041100002100056245005200077300002200129230907s9999||||xx |||||||||||||| ||und|| a681.2bFIG aFigliola, R. S., 0aTheory and design for mechanical measurements / aviii, 614 pages :